Catalog

Record Details

Catalog Search



The no-nonsense guide to human rights  Cover Image Book Book

The no-nonsense guide to human rights / Olivia Ball and Paul Gready

Ball, Olivia (Author). Gready, Paul (Editor).

Record details

  • ISBN: 1904456456 (pbk.) :
  • ISBN: 9781904456452
  • Physical Description: 135 p. : ill., maps ; 18 cm
  • Publisher: Oxford : New Internationalist, 2006

Content descriptions

Bibliography, etc. Note:
Includes bibliographic references and index

Available copies

  • 1 of 1 copy available at Common Catalog SPOK.

Holds

  • 0 current holds with 1 total copy.
Show All Copies
Location Call Number / Copy Notes Barcode Shelving Location Status Due Date
Varianty Cho No Ba 4605401107 Šafaříkova 17 - 5. patro, chodba Available -

LDR 00904nam a2200289 a 4500
00131629
003CZ-PrJAB
00520190426124032.0
008060705s2006 enkab 001 0 eng
020 . ‡a1904456456 (pbk.) : ‡c£6.99
020 . ‡a9781904456452
040 . ‡aStDuBDS ‡beng ‡cStDuBDS ‡dUk ‡dABH006
1001 . ‡aBall, Olivia ‡4aut
24514. ‡aThe no-nonsense guide to human rights / ‡cOlivia Ball and Paul Gready
2463 . ‡aHuman rights
260 . ‡aOxford : ‡bNew Internationalist, ‡c2006
300 . ‡a135 p. : ‡bill., maps ; ‡c18 cm
4901 . ‡aNo-nonsense guide
504 . ‡aIncludes bibliographic references and index
6530 . ‡alidská práva
7001 . ‡aGready, Paul ‡4edt
830 0. ‡aNo-nonsense guides (New Internationalist Publications (Firm))
910 . ‡aABH006
901 . ‡a31629 ‡b ‡c31629 ‡tbiblio

Additional Resources